MDQL
is popping MORE tags! Check the
thread
!
Quizzes
Events
Quiz Creation
Community
Videos
Private Events
Remove Ads
Sign In
Join for FREE
Feedback
Dark Mode
Quiz Categories
Sports
Geography
Music
Movies
Television
Just For Fun
Miscellaneous
History
Literature
Language
Science
Gaming
Entertainment
Religion
Holiday
For Kids
Quiz Lab
Recent
Popular Today
Quiz Kudos Today
Editor Picks
Curator Picks
Quizzes by...
Day
Popularity
Type
Ratings
Length
Year
Community
Subscriptions
Recent Discussions
Orange Saloon
Badges
Playlists
Quests
Create
Leaderboards
Showdown
Live 5
Trivia Bingo
Activity
Puzzle Library
Sporcle Events
Private Events
Virtual Trivia
Globe League
Become a Host
Pub Owners
SporcleCon
Opinionation
Our Games
Videos
Blog
Mobile Apps
Partnerships
Remove Ads and Go Orange
Feedback
Gaming
Video Games
Board Games
Card Games
Pokémon
Mario
Nintendo
Minecraft
Console
Toys
Legend of Zelda
Gaming
Video Games
Board Games
Card Games
Pokémon
Mario
Nintendo
Minecraft
Console
Toys
Legend of Zelda
Random Quiz
Search Sporcle
×
Quiz Lab
Quiz Lab
Gaming
Christmas
Type in answers that appear in a list
Type in answers that appear in a list
Classic
Best Score? Go Orange.
Steam Train Christmas Intro Lyrics Stats
How well do you know the lyrics to the Steam Train Christmas intro?
By
N64GamerReviews
60s
20 Questions
24 Plays
24 Plays
24 Plays
Comments
Comments
Give Quiz Kudos
Give Quiz Kudos
-
- Ratings
hide this ad
Forced Order
Answers have to be entered in order
Answers have to be entered in order
Replay
Link that replays current quiz
Next Quiz
Link to next quiz in quiz playlist
You Got
0%
They Got
Avg Score
70%
Avg Friend Score
Upgrade to see
Score Distribution
Jump to the score distribution portion of the page
Score
0/20
Timer
01:00
0
Plays Today
Lyrics
% Correct
Playing
100%
lots
91.7%
games
91.7%
of
87.5%
with
83.3%
Christmas-
83.3%
type
79.2%
names!
79.2%
Instead
62.5%
of
62.5%
Lyrics
% Correct
a
62.5%
train,
62.5%
we're
62.5%
on
62.5%
a
62.5%
Steam
62.5%
Choo!
58.3%
Choo-
54.2%
Choo-
54.2%
Sleigh!
50%
Quiz Playlist
Details
Report
Send in Message
Add To Playlist
Classic:
Type in answers that appear in a list
Forced Order:
Answers have to be entered in order
Last Updated: Feb 16, 2017
Quiz Scoreboard
CHALLENGE
Sign Up to Join the Scoreboard
Show All
Scores
Hide
Comments
May contain spoilers
Recently Published
Image Sorting: Flags VI
by Barbecue
Geography
2m
Find the 'City' Movie
by crazypaving
Movies
60s
Colored Red Africa Blitz
by spor1
Geography
45s
More to Explore
Quiz From the Vault
Featured Blog Post
14 Easter Pick-up Lines to Find Eggs With
hide this ad
You Might Also Like...
Tags
Christmas Quiz
intro
steam
train
Today's Top Quizzes in Gaming
Browse Gaming
hide this ad
Today's Top Quizzes in Christmas
Browse Christmas
Top Contributed Quizzes in Gaming
1
League of Legends Pro Players by Career/Team History
2
Destiny 2 exotic weapons by perk icons
3
Genshin murder mystery
4
Dead By Daylight Logic Puzzle
5
Genshin Impact Logic Puzzle
6
Valorant Agent Developer Names (Up to Clove)
7
Overwatch 2: Ultimate Ability Icons
8
4x4 Decades: Video Games
9
Who's on the WWE 2K24 Cover?
10
Undertale Logic Puzzle
Explore More
Trending Topics
Marvel
Anime
Harry Potter
Kpop
Crossword
NBA
Disney
Country
WWE
NFL
Song
Pokémon
The Office
Soccer
Puzzle
hide this ad
More By:
N64GamerReviews
Quiz
Plays
Rating
Category
Featured
Created
Game Grumps VS Intro Lyrics
1,013
3.83
Gaming
Aug 2, 2014
Game Grumps A-Z
949
5.00
Gaming
Jul 17, 2014
JonTron A-Z
639
4.20
Gaming
Jul 17, 2014
Game Grumps Intro Lyrics
499
2.67
Gaming
Aug 2, 2014
Game Grumps Christmas Intro Lyrics
484
3.50
Gaming
Aug 2, 2014
Go to Creator's Profile
Score Distribution
Quiz Creator Spotlight
N64GamerReviews
Follow
Send a Message
Quizzes Created
-
Created Quiz Play Count
-
More By This Creator
Popular Quizzes Today
1
Colored Red Africa Blitz
2
Find the US States - No Outlines Minefield
3
Find the 'City' Movie
4
5x2 Blitz: Bands
5
The Countries of the World
6
Find the US States
7
Find the Countries of Europe - No Outlines Minefield
8
US States
More Gaming Quizzes
Guess the League of Legends Champion By Quote
Quiz Lab
Trending Quizzes
Colored Red Europe Blitz I
Colored Red Europe Blitz II
Colored Red Africa Blitz II
Colored Red Europe Blitz III
Colored Red Africa Blitz III
Recently Updated
How Do You Spell That?
pecheneg
Godzilla Movies
pecheneg
Grab Bag: 4-10 Letters
pecheneg
2024 March Madness Bracket
pecheneg
Famous TV Couples
Peacemaker
Champions League XIs: Real Madrid
pecheneg
Largest US Cities 1790-2010
pecheneg
Rides in Walt Disney World
pecheneg
Most Oscar Losses (Acting)
pecheneg
Beyoncé Albums
pecheneg
Trending Topics
Anime
Disney
Marvel
Kpop
Harry Potter
Crossword
NBA
NFL
Soccer
Puzzle
Song
Pokémon
Country
The Office
WWE
Your Account Isn't Verified!
In order to create a playlist on Sporcle, you need to verify the email address you used during registration. Go to your
Sporcle Settings
to finish the process.
Report this User
Report this user for behavior that violates our
Community Guidelines
.
Details:
Send Report
Go to the Sporcle.com Mobile Site →
Comments